| 000 | 00736nam a2200169 a 4500 | ||
|---|---|---|---|
| 001 | 000045824 | ||
| 005 | 20201002052450.0 | ||
| 008 | 150518s1993 dr a 000 0 spa d | ||
| 040 |
_aDO-SdBNP _bspa _cBNPHU |
||
| 082 |
_axxxx _bxxxx |
||
| 100 | 1 |
_aGonzález, Angel David _973900 |
|
| 245 | 1 | 0 |
_aIntroducción a la programación basic / _cAngel David González. |
| 260 |
_aSanto Domingo : _bCentro de Capacitación en informática, _c1993. |
||
| 300 |
_a85 p. : _bil. ; _c28 cm. |
||
| 505 | 0 |
_gCapítulo 1 _tDiagramas de flujo -- _gCapítulo 2 _tIntrodución a la programación a al lenguaje basic -- _gCapítulo 3 _tComandos y sentencias del basic. |
|
| 710 | 2 | 2 |
_aCentro de Capacitación en informática. _bPsicología Industrial Dominicana _973901 |
| 999 |
_c45313 _d45313 |
||